[Event "Warren (MCO/4/58)"]
[Site "?"]
[Date "1986.??.??"]
[Round "?"]
[White "Kelly, G.."]
[Black "Roland, M.."]
[Result "1-0"]
[WhiteElo "1605"]
[BlackElo "1605"]
[PlyCount "101"]
[EventDate "1986.??.??"]

{4/(58)} 1. e4 c5 2. Nf3 Nc6 3. Bc4 g6 4. Ng5 e6 5. d3 Bg7 6. Nc3 Nf6 7. Be3 d5
8. exd5 Nxd5 9. Nge4 Nxe3 10. fxe3 b6 11. Bb5 Bd7 12. Nd6+ Kf8 13. Qf3 Ne5 14.
Qf4 Qf6 15. Bxd7 Ke7 16. Qxf6+ Bxf6 17. Nxf7 Kxf7 18. Ba4 c4 19. d4 Ng4 20. Ke2
Bg5 21. Raf1+ Kg7 22. Nd1 a6 23. h3 Nh6 24. Bc6 Rac8 25. Bb7 Rc7 26. Bxa6 Re8
27. Bb5 Ra8 28. a4 e5 29. d5 Nf5 30. Rf3 Nd6 31. Bc6 Rf8 32. Rg1 Rff7 33. Nc3
e4 34. Rxf7+ Rxf7 35. Ra1 Bh4 36. Rf1 Re7 37. g4 h5 38. Rf4 Bg5 39. Rf1 hxg4
40. Rg1 Nf5 41. Rxg4 Kh6 42. d6 Nxd6 43. Nxe4 Nxe4 44. Rxe4 Rc7 45. Rxc4 Re7
46. Re4 Rc7 47. Re6 Kg7 48. Be4 Kf7 49. Rxg6 Bf6 50. Rh6 Kg7 51. Rh7+ 1-0

[Event "Warren (MCO/3/58)"]
[Site "?"]
[Date "1986.??.??"]
[Round "?"]
[White "Kelly, G.."]
[Black "Keeley, G.."]
[Result "0-1"]
[WhiteElo "1605"]
[BlackElo "1605"]
[PlyCount "106"]
[EventDate "1986.??.??"]

{3/(58)} 1. d4 Nf6 2. Nf3 e6 3. Nc3 Bb4 4. e4 d6 5. e5 Ne4 6. Bd2 Bxc3 7. Bxc3
d5 8. Bb4 Bd7 9. Nd2 a5 10. Ba3 Nxf2 11. Kxf2 Qh4+ 12. Ke3 Nc6 13. Nf3 Qe4+ 14.
Kf2 Nb4 15. Bd3 Nxd3+ 16. Qxd3 Qxd3 17. cxd3 b5 18. Bc5 b4 19. b3 Bb5 20. Ke3
f6 21. Rhf1 Ra6 22. a4 bxa3 23. Rxa3 Kd7 24. Rc1 h5 25. h4 c6 26. Rca1 Rha8 27.
b4 axb4 28. Rxa6 Rxa6 29. Rxa6 Bxa6 30. Bxb4 Bb5 31. exf6 gxf6 32. Bc5 Ke8 33.
Nd2 f5 34. Nf3 Kf7 35. Ng5+ Kf6 36. Bd6 Ba4 37. Kd2 Bb5 38. Be5+ Ke7 39. Kc3
Ba4 40. Kb4 Bb5 41. Kc5 Bxd3 42. Kxc6 Bf1 43. g3 Be2 44. Bd6+ Kf6 45. Kd7 Bg4
46. Be5+ Kg6 47. Kxe6 f4+ 48. Kxd5 f3 49. Ke4 f2 50. Kd5 f1=Q 51. Ne4 Qf7+ 52.
Kc5 Qa7+ 53. Kd5 Bf3 0-1

[Event "Warren (MCO/1/50)"]
[Site "?"]
[Date "1986.??.??"]
[Round "?"]
[White "Kelly, G.."]
[Black "Almquist, W.."]
[Result "0-1"]
[WhiteElo "1605"]
[BlackElo "1775"]
[PlyCount "104"]
[EventDate "1986.??.??"]

{1/(50)} 1. e4 c5 2. Bc4 e6 3. Nc3 Nc6 4. Nf3 d6 5. d3 Nf6 6. Bg5 Be7 7. O-O a6
8. a3 O-O 9. Re1 b5 10. Bb3 Qc7 11. h3 Bb7 12. Qe2 Rfd8 13. Qe3 Na5 14. e5 dxe5
15. Nxe5 Nxb3 16. cxb3 Nd5 17. Qg3 Bxg5 18. Nf3 Qxg3 19. fxg3 Bf6 20. Ne5 Bxe5
21. Rxe5 Nxc3 22. bxc3 Rxd3 23. Rxc5 Rc8 24. Rxc8+ Bxc8 25. c4 Rxb3 26. cxb5
Rxb5 27. Rd1 Rd5 28. Rc1 Rd8 29. Kf2 Bd7 30. Rd1 Kf8 31. Ke3 Ke7 32. Kf4 Bb5
33. Rc1 f6 34. g4 e5+ 35. Ke4 Rd4+ 36. Ke3 Rd3+ 37. Ke4 Rxa3 38. Rc7+ Kd6 39.
Rxg7 Bd3+ 40. Ke3 Bg6+ 41. Kf2 e4 42. Rb7 Ke5 43. Rb4 h5 44. gxh5 Bxh5 45. g4
Be8 46. h4 Kf4 47. g5 Ra2+ 48. Ke1 fxg5 49. hxg5 Bh5 50. Kf1 Kf3 51. Ke1 e3 52.
Rb3 Ra1+ 0-1

[Event "Warren (MCO/2/39)"]
[Site "?"]
[Date "1986.??.??"]
[Round "?"]
[White "Keeley, G.."]
[Black "Turner, D.."]
[Result "0-1"]
[WhiteElo "1605"]
[BlackElo "1855"]
[PlyCount "76"]
[EventDate "1986.??.??"]

{2/(39)} 1. e4 c6 2. d4 d5 3. Nc3 dxe4 4. Nxe4 Bf5 5. Ng3 Bg6 6. h4 h6 7. h5
Bh7 8. Nf3 Nd7 9. Bd3 Bxd3 10. Qxd3 Ngf6 11. Nh2 Qc7 12. Bd2 e6 13. O-O-O O-O-O
14. Be3 Bd6 15. f4 Bxf4 16. Bxf4 Qxf4+ 17. Rd2 Nc5 18. Qf3 Qxf3 19. Nxf3 Nce4
20. Nxe4 Nxe4 21. Re2 Ng3 22. Rhe1 Nxe2+ 23. Rxe2 c5 24. dxc5 Rd5 25. Ne5 Rhd8
26. b4 Rd1+ 27. Kb2 R8d2 28. Rxd2 Rxd2 29. Nxf7 Rxg2 30. a4 g5 31. hxg6 Rxg6
32. Nd6+ Kc7 33. a5 h5 34. b5 h4 35. Ne8+ Kb8 36. Nd6 e5 37. Nxb7 Kxb7 38. c6+
Rxc6 0-1

[Event "Warren (MCO/6/52)"]
[Site "?"]
[Date "1986.??.??"]
[Round "?"]
[White "Keeley, G.."]
[Black "Smith, Mike A"]
[Result "0-1"]
[WhiteElo "1605"]
[BlackElo "1605"]
[PlyCount "66"]
[EventDate "1986.??.??"]

{6/(52)} 1. e4 c6 2. d4 d5 3. Nc3 dxe4 4. Nxe4 Bf5 5. Ng3 Bg6 6. h4 h6 7. h5
Bh7 8. Bc4 Nf6 9. Nf3 e6 10. Ne5 Bd6 11. Bf4 Nd5 12. Bxd5 cxd5 13. Qg4 Bf8 14.
O-O-O Qc7 15. Nd3 Qa5 16. Kb1 Nc6 17. Ne2 Qb6 18. Nc5 Nb4 19. Nd3 Nxd3 20. cxd3
Rc8 21. Nc1 Qxd4 22. Rde1 Qxf2 23. Re2 Bf5 24. Qf3 Qxf3 25. gxf3 Be7 26. Rg2
Bf6 27. Ka1 Ke7 28. d4 Rc4 29. Nb3 Rhc8 30. Rgg1 {[Remainder illegible; 0-1,
53?]} Bh3 31. Nd2 Bg2 32. Nxc4 Bxf3 33. Ne5 Bxh5 0-1

[Event "Warren (MCO/5/54)"]
[Site "?"]
[Date "1986.??.??"]
[Round "?"]
[White "Keeley, G.."]
[Black "Calton, Bill"]
[Result "0-1"]
[WhiteElo "1605"]
[BlackElo "1605"]
[PlyCount "66"]
[EventDate "1986.??.??"]

{5/(54)} 1. e4 e5 2. Nf3 Nc6 3. d4 exd4 4. Nxd4 Nxd4 5. Qxd4 d6 6. Bc4 Be6 7.
Bb3 Ne7 8. O-O Nc6 9. Qd2 Be7 10. f4 Bf6 11. c3 Qe7 12. Qe2 O-O-O 13. Be3 a6
14. Na3 Bxb3 15. axb3 g6 16. Bf2 Bg7 17. Rfd1 Rhe8 18. Re1 f5 19. b4 d5 20. b5
Nb8 21. e5 g5 22. g3 Qe6 23. bxa6 Nxa6 24. Nb5 gxf4 25. gxf4 Bh6 26. Qf3 Rg8+
27. Kf1 Rg4 28. Be3 Rdg8 29. Ke2 Rg2+ 30. Kd1 Rxh2 31. Nd4 Qb6 32. Qxd5 Rd8 33.
Qe6+ Qxe6 0-1

[Event "Warren (MCO/3/12)"]
[Site "?"]
[Date "1986.??.??"]
[Round "?"]
[White "Kebrdle, M.."]
[Black "Stefanski, Mark"]
[Result "1/2-1/2"]
[WhiteElo "2105"]
[BlackElo "1920"]
[PlyCount "45"]
[EventDate "1986.??.??"]

{3/(12)} 1. c4 e5 2. Nc3 Nc6 3. Nf3 g6 4. g3 Bg7 5. Bg2 Nge7 6. d3 d6 7. O-O
O-O 8. Rb1 Rb8 9. b4 f5 10. b5 Na5 11. Bg5 h6 12. Bxe7 Qxe7 13. Qd2 b6 14. Nd5
Qf7 15. Qc2 Bb7 16. Nd2 c6 17. bxc6 Bxc6 18. e3 Rbc8 19. Rfc1 Kh7 20. Nb3 Nxb3
21. axb3 h5 22. h4 Bh6 23. f4 1/2-1/2

[Event "Warren (MCO/5/12)"]
[Site "?"]
[Date "1986.??.??"]
[Round "?"]
[White "Kebrdle, M.."]
[Black "Selitsky, B.."]
[Result "1-0"]
[WhiteElo "2105"]
[BlackElo "1845"]
[PlyCount "152"]
[EventDate "1986.??.??"]

{5/(12)} 1. d4 d5 2. Nf3 Nf6 3. c4 e6 4. g3 Be7 5. Bg2 O-O 6. O-O dxc4 7. Ne5
c5 8. dxc5 Bxc5 9. Nxc4 Qc7 10. Qb3 Nc6 11. e3 e5 12. Qb5 Nb4 13. Nca3 a6 14.
Qe2 Bg4 15. f3 Be6 16. Nc3 Rad8 17. Rd1 b5 18. Bf1 Rxd1 19. Nxd1 Rd8 20. Nf2
Nxa2 21. Bd2 Nb4 22. Rc1 Qd6 23. Bxb4 Bxb4 24. Rd1 Qe7 25. e4 Bxa3 26. bxa3 Bc4
27. Qb2 Rxd1 28. Nxd1 Qc5+ 29. Kg2 Bxf1+ 30. Kxf1 h6 31. Ke2 Nd7 32. Ne3 Nb6
33. f4 exf4 34. gxf4 Nc4 35. Nxc4 Qxc4+ 36. Ke3 Qc5+ 37. Kd2 a5 38. Qc3 Qd6+
39. Ke3 b4 40. axb4 axb4 41. Qc8+ Qf8 42. Qc4 Qb8 43. Qb3 Qa7+ 44. Kd3 Qb8 45.
e5 Qb5+ 46. Kd4 Qf1 47. Qe3 Qa1+ 48. Kc4 Qa3 49. Qd2 b3 50. Qd8+ Kh7 51. Qd3+
Kg8 52. Qxb3 Qc1+ 53. Kd5 Qxf4 54. Qb8+ Kh7 55. Qb1+ g6 56. Qc2 h5 57. Qc7 Kg7
58. Qc3 Kh6 59. Qc2 Qf5 60. Qc1+ Kg7 61. Qc3 Qd7+ 62. Kc4 Qa4+ 63. Kd5 Qa2+ 64.
Kd6 Qxh2 65. Qf3 Qa2 66. Qf6+ Kh7 67. Ke7 Qa7+ 68. Kf8 Qb8+ 69. Kxf7 Qg8+ 70.
Ke7 Qg7+ 71. Kd8 Qa7 72. e6 Qb8+ 73. Ke7 Qc7+ 74. Kf8 Qc8+ 75. Kf7 Qg8+ 76. Ke7
Qc8 1-0

[Event "Warren (MCO/1/15)"]
[Site "?"]
[Date "1986.??.??"]
[Round "?"]
[White "Kebrdle, M.."]
[Black "Ridella, Dennis"]
[Result "1-0"]
[WhiteElo "2105"]
[BlackElo "1605"]
[PlyCount "47"]
[EventDate "1986.??.??"]

{1/(15)} 1. e4 c5 2. c3 e6 3. d4 g6 4. Nf3 Nf6 5. e5 Nd5 6. c4 Nb6 7. d5 d6 8.
Nc3 exd5 9. cxd5 dxe5 10. Bb5+ Bd7 11. Nxe5 Bxb5 12. Nxb5 Nxd5 13. Qxd5 Qxd5
14. Nc7+ Ke7 15. Nxd5+ Kd6 16. Nxf7+ Kxd5 17. Nxh8 Nd7 18. Nf7 Re8+ 19. Be3 Bg7
20. O-O-O+ Kc6 21. Rd6+ Kc7 22. Rhd1 Re7 23. Ng5 h6 24. Ne6+ 1-0

[Event "Monroe (RVO/3/4)"]
[Site "?"]
[Date "1986.??.??"]
[Round "?"]
[White "Karklins, A.."]
[Black "Sharp, D.."]
[Result "1-0"]
[WhiteElo "2360"]
[BlackElo "2130"]
[PlyCount "73"]
[EventDate "1986.??.??"]

{3/(4)} 1. e4 e5 2. Nf3 Nc6 3. Bb5 a6 4. Ba4 Nf6 5. O-O Be7 6. Re1 b5 7. Bb3
O-O 8. c3 d5 9. exd5 Nxd5 10. a4 b4 11. Nxe5 Nxe5 12. Rxe5 c6 13. d4 Bd6 14.
Re1 Qh4 15. g3 Qh3 16. Be3 Bg4 17. Qd3 Rae8 18. Nd2 Bf5 19. Qf1 Qxf1+ 20. Kxf1
bxc3 21. bxc3 Nxc3 22. Bc4 a5 23. f3 Bb4 24. Kf2 Bc2 25. Rec1 Bf5 26. Nb3 Be6
27. Bxe6 Rxe6 28. Bd2 Nd5 29. Re1 Rfe8 30. Rxe6 Rxe6 31. Bxb4 Nxb4 32. Nxa5 Nc2
33. d5 Rh6 34. Rb1 Kf8 35. dxc6 Ke8 36. Rb8+ Ke7 37. c7 1-0

[Event "Monroe (RVO/1/3)"]
[Site "?"]
[Date "1986.??.??"]
[Round "?"]
[White "Karklins, A.."]
[Black "Moody, David"]
[Result "1-0"]
[WhiteElo "2360"]
[BlackElo "2015"]
[PlyCount "37"]
[EventDate "1986.??.??"]

{1/(3)} 1. e4 e5 2. Nf3 Nc6 3. Bb5 a6 4. Ba4 Nf6 5. O-O Be7 6. Re1 b5 7. Bb3
O-O 8. c3 d5 9. exd5 Nxd5 10. a4 Bb7 11. axb5 axb5 12. Rxa8 Bxa8 13. d4 exd4
14. Qd3 Nf6 15. cxd4 Bc5 16. Rd1 Nxd4 17. Nxd4 Be4 18. Qc3 Bb6 19. Nf3 1-0

[Event "Warren (MCO/5/42)"]
[Site "?"]
[Date "1986.??.??"]
[Round "?"]
[White "Kanluen, T.."]
[Black "Steen, Harold"]
[Result "0-1"]
[WhiteElo "1605"]
[BlackElo "1625"]
[PlyCount "56"]
[EventDate "1986.??.??"]

{5/(42)} 1. e4 d6 2. Nc3 Nf6 3. d3 g6 4. Nf3 Bg7 5. Be2 O-O 6. O-O Nc6 7. Bg5
a6 8. Qd2 b5 9. a3 Rb8 10. b4 a5 11. Rab1 axb4 12. axb4 Bg4 13. h3 Bxf3 14.
Bxf3 Nd4 15. Qe2 Nxe2+ 16. Bxe2 c6 17. Na2 Qc7 18. c3 d5 19. Bxf6 Bxf6 20. Rfc1
dxe4 21. dxe4 Rfd8 22. c4 Rd2 23. Nc3 Bxc3 24. Rxc3 Rxe2 25. cxb5 Rxb5 26. Rc4
Qf4 27. f3 Qg3 28. Rc2 Qxg2# 0-1

[Event "Warren (MCO/6/48)"]
[Site "?"]
[Date "1986.??.??"]
[Round "?"]
[White "Kanluen, T.."]
[Black "Lahr, Fred"]
[Result "0-1"]
[WhiteElo "1605"]
[BlackElo "1605"]
[PlyCount "82"]
[EventDate "1986.??.??"]

{6/(48)} 1. e4 c5 2. Nf3 d6 3. d3 e6 4. Nc3 Nc6 5. Be2 g6 6. O-O Bg7 7. Be3 Rb8
8. Qd2 b5 9. a3 a5 10. Rab1 b4 11. axb4 axb4 12. Na4 b3 13. cxb3 Rxb3 14. Bd1
Rb8 15. Re1 Bd7 16. h3 Na5 17. e5 Nb3 18. Bxb3 Rxb3 19. Nc3 Qb6 20. exd6 Bxc3
21. bxc3 Rxb1 22. Bf4 Nf6 23. Bg5 Nd5 24. c4 Rxe1+ 25. Nxe1 Qxd6 26. cxd5 Qxd5
27. Bf6 Rg8 28. Qb2 Qc6 29. Nf3 g5 30. Ne5 Qb5 31. Qc2 h5 32. Qd2 g4 33. hxg4
hxg4 34. d4 g3 35. fxg3 Qb3 36. Qh6 Qb1+ 37. Kf2 Rg6 38. Qh5 Qc2+ 39. Ke3 cxd4+
40. Kf3 Bc6+ 41. Kf4 Qe4# 0-1

[Event "Warren (MCO/6/35)"]
[Site "?"]
[Date "1986.??.??"]
[Round "?"]
[White "Jonik, Henry"]
[Black "Varner, M.."]
[Result "1-0"]
[WhiteElo "1725"]
[BlackElo "1605"]
[PlyCount "99"]
[EventDate "1986.??.??"]

{6/(35)} 1. e4 e5 2. f4 d6 3. Nf3 Nf6 4. Nc3 exf4 5. d4 d5 6. e5 Ne4 7. Bxf4
Bb4 8. Bd2 Bg4 9. Nxe4 dxe4 10. Bxb4 exf3 11. gxf3 Be6 12. Qd3 Nc6 13. Bc3 Qh4+
14. Ke2 O-O-O 15. Qe4 Qxe4+ 16. fxe4 Nxd4+ 17. Bxd4 Rxd4 18. Ke3 Rhd8 19. Bd3
g6 20. b3 a6 21. Rhd1 Bg4 22. Rd2 b5 23. Rf2 Be6 24. Rd1 c5 25. c3 R4d7 26.
Rdd2 c4 27. bxc4 Bxc4 28. Bxc4 bxc4 29. Rd4 Rxd4 30. cxd4 Rd7 31. Rc2 Rc7 32.
d5 Kd8 33. Kd4 f5 34. exf6 Rf7 35. e5 h5 36. Rxc4 g5 37. Ke4 g4 38. Kf5 Rd7 39.
Rd4 Ke8 40. e6 Rd6 41. Ke5 Rb6 42. Rc4 Rb8 43. Rc5 h4 44. d6 g3 45. d7+ Kd8 46.
hxg3 hxg3 47. Kd6 Rb6+ 48. Rc6 Rxc6+ 49. Kxc6 g2 50. e7# 1-0

[Event "Warren (MCO/4/22)"]
[Site "?"]
[Date "1986.??.??"]
[Round "?"]
[White "Jonik, Henry"]
[Black "Turner, D.."]
[Result "0-1"]
[WhiteElo "1725"]
[BlackElo "1855"]
[PlyCount "76"]
[EventDate "1986.??.??"]

{4/(22)} 1. e4 c6 2. d4 d5 3. e5 Bf5 4. Bd3 Bxd3 5. Qxd3 e6 6. f4 Nd7 7. Nf3
Ne7 8. O-O Nf5 9. g4 Ne7 10. c3 h5 11. h3 hxg4 12. hxg4 Ng6 13. Ng5 Qe7 14. Be3
Rh4 15. Qe2 f5 16. gxf5 exf5 17. Rf2 O-O-O 18. Nd2 Rg4+ 19. Kf1 Qe8 20. Qd3 Nh4
21. Re1 g6 22. Ndf3 Bh6 23. Bd2 Rg3 24. Qe3 Nxf3 25. Nxf3 Rg4 26. Ng5 Bxg5 27.
fxg5 Qh8 28. Qd3 Qh1+ 29. Ke2 Re4+ 30. Be3 Qh4 31. Kd2 f4 32. Rxf4 Rxf4 33. e6
Nb6 34. Qxg6 Nc4+ 35. Kc2 Qxe1 36. Bxf4 Qe2+ 37. Kc1 Rh8 38. Bh2 Qd2+ 0-1

[Event "Warren (MCO/1/53)"]
[Site "?"]
[Date "1986.??.??"]
[Round "?"]
[White "Jonik, Henry"]
[Black "Chrisman, D.."]
[Result "1-0"]
[WhiteElo "1725"]
[BlackElo "1605"]
[PlyCount "105"]
[EventDate "1986.??.??"]

{1/(53)} 1. e4 e6 2. f4 d5 3. e5 Ne7 4. d4 Ng6 5. Nf3 Nc6 6. c3 Be7 7. Bd3 O-O
8. O-O Na5 9. b3 c5 10. g3 c4 11. Bxg6 fxg6 12. b4 Nc6 13. a4 a5 14. b5 Nb8 15.
Na3 Nd7 16. Nc2 Nb6 17. Ne3 g5 18. fxg5 Bxg5 19. Nxg5 Qxg5 20. Nxc4 Qd8 21.
Rxf8+ Kxf8 22. Qf3+ Kg8 23. Nxb6 Qxb6 24. Ba3 Bd7 25. Rf1 Qd8 26. Qg4 h6 27.
Rf8+ Qxf8 28. Bxf8 Rxf8 29. Qh4 Rf7 30. Qd8+ Kh7 31. Qxa5 Rf3 32. Qd8 Bxb5 33.
axb5 g5 34. Qe7+ Kg6 35. Qxe6+ Kh5 36. Qxd5 Rxc3 37. Qf7+ Kg4 38. e6 Rc1+ 39.
Kf2 Rc2+ 40. Ke3 Rc3+ 41. Ke4 Rc1 42. Kd5 Rc8 43. e7 h5 44. Qe6+ Kf3 45. Qxc8
Kg2 46. Qc2+ Kh3 47. e8=Q h4 48. gxh4 g4 49. Qe3+ Kxh4 50. Qg3+ Kh5 51. Qf5+
Kh6 52. Qfxg4 Kh7 53. Q3h3# 1-0

[Event "Warren (MCO/6/43)"]
[Site "?"]
[Date "1986.??.??"]
[Round "?"]
[White "Jones, L.."]
[Black "Watkins, David"]
[Result "1-0"]
[WhiteElo "1605"]
[BlackElo "1605"]
[PlyCount "91"]
[EventDate "1986.??.??"]

{6/(43)} 1. d4 Nf6 2. g3 d5 3. Bg2 e6 4. Bg5 h6 5. Bxf6 Qxf6 6. Nf3 Nc6 7. c3
Bd7 8. O-O O-O-O 9. Nbd2 e5 10. dxe5 Nxe5 11. Nxe5 Qxe5 12. Nf3 Qe6 13. e3 Bc6
14. Nd4 Qd7 15. Bf3 Kb8 16. b4 Bb5 17. Re1 h5 18. Bxh5 Qh3 19. Qg4 Qxh5 20.
Qxh5 Rxh5 21. Nxb5 Re8 22. f4 c5 23. Rab1 cxb4 24. cxb4 Rh6 25. Nd4 Rb6 26. a3
a5 27. Nc2 axb4 28. Nxb4 Bc5 29. Nxd5 Rxb1 30. Rxb1 Bxa3 31. Kf2 Rd8 32. Rb5
Rc8 33. h4 Rc2+ 34. Kf3 Rc5 35. Rxc5 Bxc5 36. g4 b5 37. h5 Kb7 38. g5 b4 39.
Ke2 b3 40. Kd2 Kc6 41. e4 Kb5 42. Kc1 Kc4 43. h6 gxh6 44. gxh6 Bd4 45. e5 b2+
46. Kb1 1-0

[Event "Warren (MCO/2/53)"]
[Site "?"]
[Date "1986.??.??"]
[Round "?"]
[White "Jones, L.."]
[Black "Kelly, G.."]
[Result "1-0"]
[WhiteElo "1605"]
[BlackElo "1605"]
[PlyCount "111"]
[EventDate "1986.??.??"]

{2/(53)} 1. e4 e5 2. Nf3 Nc6 3. g3 Nf6 4. Nc3 d5 5. exd5 Nxd5 6. Nxd5 Qxd5 7.
Bg2 Qe4+ 8. Kf1 Bg4 9. d3 O-O-O 10. Bd2 Qd4 11. Nxd4 Bxd1 12. Nxc6 bxc6 13.
Rxd1 Kb7 14. Be4 Bc5 15. b4 Bb6 16. b5 Rd4 17. Bxc6+ Kb8 18. Be3 Ra4 19. Bxb6
axb6 20. Kg2 h5 21. Rhe1 f6 22. Ra1 h4 23. Re4 Rxe4 24. Bxe4 g5 25. a4 Ka7 26.
a5 bxa5 27. Rxa5+ Kb6 28. Ra6+ Kxb5 29. Rxf6 c5 30. Rf5 hxg3 31. fxg3 Rg8 32.
Rxe5 Kb4 33. c3+ Kxc3 34. Rxc5+ Kd4 35. Rf5 Ke3 36. g4 Rg7 37. Kg3 Ke2 38. h4
gxh4+ 39. Kxh4 Ke3 40. Kh5 Rh7+ 41. Kg6 Rc7 42. g5 Kd4 43. Rf6 Ke5 44. Rf5+ Kd4
45. Kh6 Rc2 46. g6 Rh2+ 47. Rh5 Rb2 48. g7 Rb6+ 49. Bg6 Rb8 50. Kh7 Rb7 51. Kh8
Rb8+ 52. g8=Q Rxg8+ 53. Kxg8 Ke3 54. Rh4 Kf3 55. d4 Kg3 56. Re4 1-0

[Event "Warren (MCO/4/47)"]
[Site "?"]
[Date "1986.??.??"]
[Round "?"]
[White "Jones, L.."]
[Black "Grigsby, A.."]
[Result "1-0"]
[WhiteElo "1605"]
[BlackElo "1605"]
[PlyCount "59"]
[EventDate "1986.??.??"]

{4/(47)} 1. e4 e5 2. Nf3 Nc6 3. c4 Nf6 4. d3 Bc5 5. h3 d6 6. Be2 O-O 7. a3 Nd4
8. Bg5 Nxe2 9. Qxe2 c6 10. O-O Be6 11. Nc3 h6 12. Bh4 Bb6 13. Rfd1 d5 14. Nxe5
Bd4 15. cxd5 cxd5 16. Nf3 Rc8 17. Nxd4 dxe4 18. dxe4 g5 19. Nxe6 Qe7 20. Nxf8
Qxf8 21. Bg3 a6 22. Nd5 Nd7 23. Qf3 Rc6 24. Ne3 f6 25. Rxd7 Qe8 26. Rxb7 Qc8
27. Re7 Rb6 28. Qh5 Qf8 29. Qg6+ Kh8 30. Qh7# 1-0

[Event "Warren (MCO/1/51)"]
[Site "?"]
[Date "1986.??.??"]
[Round "?"]
[White "Johnston, R.."]
[Black "Towsley, J.."]
[Result "1-0"]
[WhiteElo "1745"]
[BlackElo "1605"]
[PlyCount "83"]
[EventDate "1986.??.??"]

{1/(51)} 1. Nf3 d5 2. e3 Nf6 3. b3 Bf5 4. Bb2 e6 5. Be2 c5 6. O-O Nc6 7. Bb5 a6
8. Bxc6+ bxc6 9. d3 Be7 10. Nbd2 O-O 11. Nh4 Bg6 12. Nxg6 hxg6 13. Nf3 a5 14.
Ne5 Qb6 15. g4 Nh7 16. Nd7 Qc7 17. Nxf8 Nxf8 18. f4 a4 19. Qf3 Qb6 20. f5 gxf5
21. gxf5 exf5 22. Qxf5 f6 23. Qg4 c4 24. dxc4 Qxe3+ 25. Kg2 Qe4+ 26. Qxe4 dxe4
27. Rf4 e3 28. Kf3 Ne6 29. Rg4 f5 30. Rg6 Kf7 31. Rxe6 Kxe6 32. Bxg7 axb3 33.
cxb3 Bg5 34. b4 Ra3 35. b5 cxb5 36. cxb5 Kd5 37. Bb2 Ra5 38. a4 Kc5 39. Rc1+
Kb6 40. Bd4+ Kb7 41. Rc4 f4 42. Be5 1-0

[Event "Warren (MCO/5/16)"]
[Site "?"]
[Date "1986.??.??"]
[Round "?"]
[White "Johnston, R.."]
[Black "Harris, T.."]
[Result "0-1"]
[WhiteElo "1745"]
[BlackElo "2050"]
[PlyCount "38"]
[EventDate "1986.??.??"]

{5/(16)} 1. Nf3 c5 2. e3 g6 3. c3 Bg7 4. d4 b6 5. Nbd2 Nf6 6. Be2 Bb7 7. O-O
O-O 8. Qc2 Nc6 9. Ne5 Nxe5 10. dxe5 Nd5 11. Nf3 f6 12. e4 Nc7 13. Bc4+ Kh8 14.
Bf4 b5 15. exf6 Rxf6 16. Bxc7 Qxc7 17. Bxb5 Qf4 18. e5 Bxf3 19. exf6 Qg4 0-1

[Event "Warren (MCO/3/13)"]
[Site "?"]
[Date "1986.??.??"]
[Round "?"]
[White "Johnston, R.."]
[Black "Daniel, Aaron"]
[Result "0-1"]
[WhiteElo "1745"]
[BlackElo "2100"]
[PlyCount "38"]
[EventDate "1986.??.??"]

{3/(13)} 1. Nf3 d5 2. e3 Nf6 3. b3 Bg4 4. Bb2 Nbd7 5. Be2 Bxf3 6. Bxf3 e5 7. d3
Bd6 8. Nc3 c6 9. Qe2 O-O 10. g4 Qa5 11. Kf1 d4 12. Nd1 Rfe8 13. Bc1 e4 14. Bg2
exd3 15. Qxd3 Ne5 16. Bd2 Qc7 17. Qxd4 Nexg4 18. f4 Rad8 19. Qe4 Bxf4 0-1

[Event "Warren (MCO/2/45)"]
[Site "?"]
[Date "1986.??.??"]
[Round "?"]
[White "Johnson, To"]
[Black "Griffin, John"]
[Result "0-1"]
[WhiteElo "1605"]
[BlackElo "1635"]
[PlyCount "56"]
[EventDate "1986.??.??"]

{2/(45)} 1. e4 c5 2. Nf3 Nc6 3. d4 cxd4 4. Nxd4 Nf6 5. Nc3 e5 6. Nxc6 bxc6 7.
Bc4 Bb4 8. Bd2 Qc7 9. Qe2 O-O 10. O-O-O h6 11. h4 d6 12. Rhg1 Bxc3 13. Bxc3 Qe7
14. g4 Nh7 15. g5 hxg5 16. hxg5 Be6 17. g6 fxg6 18. Rxg6 Rf6 19. Rdg1 Rxg6 20.
Rxg6 Bxc4 21. Qxc4+ Kh8 22. f4 Rf8 23. fxe5 Qh4 24. exd6 Qh1+ 25. Kd2 Rf2+ 26.
Ke3 Rf3+ 27. Kd4 Nf6 28. Kc5 Qh5+ 0-1

[Event "Warren (MCO/5/48)"]
[Site "?"]
[Date "1986.??.??"]
[Round "?"]
[White "Johnson, To"]
[Black "Collins, Charles"]
[Result "1-0"]
[WhiteElo "1605"]
[BlackElo "1605"]
[PlyCount "33"]
[EventDate "1986.??.??"]

{5/(48)} 1. e4 c5 2. Nf3 d6 3. d4 cxd4 4. Nxd4 Nf6 5. Nc3 g6 6. Bc4 Bd7 7. Be3
Bg7 8. Qe2 a6 9. O-O-O O-O 10. h4 Nc6 11. h5 Nxh5 12. Rxh5 gxh5 13. Qxh5 Ne5
14. Rh1 h6 15. Bxh6 e6 16. Bxg7 Kxg7 17. Qh6+ 1-0

[Event "Warren (MCO/4/60)"]
[Site "?"]
[Date "1986.??.??"]
[Round "?"]
[White "Johnson, To"]
[Black "Chrisman, D.."]
[Result "1-0"]
[WhiteElo "1605"]
[BlackElo "1605"]
[PlyCount "113"]
[EventDate "1986.??.??"]

{4/(60)} 1. e4 e6 2. Nf3 b6 3. d4 d5 4. Nc3 Bb4 5. e5 Ba6 6. Bxa6 Nxa6 7. Bd2
c5 8. a3 Bxc3 9. Bxc3 c4 10. O-O Ne7 11. Qe2 O-O 12. b3 Rc8 13. Bb4 Rc7 14.
Bxe7 Qxe7 15. b4 b5 16. c3 f5 17. g3 Qf7 18. Nh4 g5 19. Ng2 g4 20. Nf4 Re7 21.
Kg2 Nb8 22. Rh1 Nd7 23. h3 Qg7 24. Rh2 gxh3+ 25. Rxh3 Qg4 26. Qxg4+ fxg4 27.
Rh4 Rf5 28. Rxg4+ Rg7 29. Rxg7+ Kxg7 30. Nxe6+ Kf7 31. Nc5 Nxc5 32. bxc5 Ke7
33. Rh1 Rf7 34. f4 a5 35. Rh5 b4 36. cxb4 c3 37. b5 c2 38. Rh1 Ke6 39. Kf3 Rb7
40. b6 Kd7 41. Rc1 Kc6 42. Rxc2 a4 43. Rb2 Rb8 44. f5 Kb7 45. g4 h5 46. gxh5
Rh8 47. c6+ Kb8 48. Rg2 Rc8 49. Rc2 Rh8 50. Kg4 Rh7 51. Kg5 Rb7 52. cxb7 Kxb7
53. h6 Kxb6 54. h7 Kb5 55. h8=Q Ka5 56. Rb2 Ka6 57. Qa8# 1-0

[Event "Monroe (MI Op/1a/17)"]
[Site "?"]
[Date "1986.??.??"]
[Round "?"]
[White "Johnson, Richard"]
[Black "Lang, J.."]
[Result "1-0"]
[WhiteElo "1990"]
[BlackElo "2105"]
[PlyCount "73"]
[EventDate "1986.??.??"]

1. c4 Nf6 2. Nc3 e5 3. g3 Nc6 4. Bg2 d6 5. Nf3 h6 6. d4 exd4 7. Nxd4 Ne5 8. O-O
c6 9. b3 Be7 10. Bb2 O-O 11. f4 Neg4 12. Qd3 h5 13. Rad1 Re8 14. h3 Nh6 15. e4
Bf8 16. Nf3 Qc7 17. Rd2 a6 18. Ng5 Qa5 19. Ne2 Nh7 20. Bc3 Qd8 21. Nxh7 Kxh7
22. f5 h4 23. g4 Qg5 24. Rdd1 a5 25. Bd2 Qd8 26. g5 Ng8 27. Qf3 g6 28. fxg6+
fxg6 29. Qf7+ Bg7 30. Nf4 Ne7 31. Bc3 Rg8 32. Bf6 Qe8 33. Qxe7 Qxe7 34. Bxe7 c5
35. Bxd6 Bd4+ 36. Kh1 Bd7 37. Bxc5 1-0

[Event "Warren (MCO/6/8)"]
[Site "?"]
[Date "1986.??.??"]
[Round "?"]
[White "Johnson, Ri"]
[Black "Wygrecki, J.."]
[Result "0-1"]
[WhiteElo "1990"]
[BlackElo "2280"]
[PlyCount "86"]
[EventDate "1986.??.??"]

{6/(8)} 1. e4 e6 2. d4 d5 3. Nd2 c5 4. exd5 exd5 5. Bb5+ Nc6 6. Qe2+ Be7 7.
Ngf3 Nf6 8. O-O O-O 9. c3 cxd4 10. cxd4 Bg4 11. Bxc6 bxc6 12. Qd3 c5 13. Ne5 c4
14. Qc2 Bh5 15. Ndf3 Qb6 16. Be3 Rfe8 17. Ng5 Rad8 18. f4 h6 19. g4 hxg5 20.
gxh5 g4 21. Kh1 Nxh5 22. Nxg4 Qg6 23. Qxg6 fxg6 24. f5 gxf5 25. Rxf5 Nf6 26.
Ne5 Bd6 27. Rg1 Bxe5 28. dxe5 Ne4 29. Bd4 Re6 30. Rg2 Rd7 31. a3 a6 32. Kg1 Rf7
33. Rxf7 Kxf7 34. Kf1 g5 35. Rg4 Rh6 36. Kg2 Ke6 37. Be3 Kf5 38. h3 Kxe5 39.
Bxg5 Nxg5 40. Rxg5+ Ke4 41. Rg4+ Ke3 42. Rg3+ Kd2 43. Rf3 Kc1 0-1

[Event "Monroe (MI Op/5/14)"]
[Site "?"]
[Date "1986.??.??"]
[Round "?"]
[White "Johnson, Ri"]
[Black "Smith, Walt"]
[Result "1-0"]
[WhiteElo "1990"]
[BlackElo "2080"]
[PlyCount "121"]
[EventDate "1986.??.??"]

{5/(14)} 1. d4 Nf6 2. c4 e6 3. Nc3 Bb4 4. a3 Bxc3+ 5. bxc3 c5 6. f3 Nc6 7. e4
e5 8. d5 Na5 9. Bd3 O-O 10. Ne2 Ne8 11. O-O Nd6 12. Be3 b6 13. f4 Naxc4 14. Bc1
f6 15. Ng3 g6 16. Qa4 b5 17. Qb3 Na5 18. Qd1 c4 19. fxe5 Nf7 20. Bc2 Nxe5 21.
Be3 d6 22. h3 Bd7 23. Ne2 Nb7 24. a4 a6 25. axb5 axb5 26. Rxa8 Qxa8 27. Qa1 Kg7
28. Qb2 Nc5 29. Ra1 Qb7 30. Qb4 Qc7 31. Nf4 Rb8 32. Rd1 Na6 33. Qa3 Nc5 34. Bd4
Rb7 35. Ra1 Ned3 36. Be3 Nxe4 37. Nxd3 cxd3 38. Bxd3 Nxc3 39. Rc1 b4 40. Qa1
Bb5 41. Bxb5 Rxb5 42. Qb2 Qc4 43. Ra1 Rb7 44. Qd2 Qxd5 45. Bh6+ Kf7 46. Qf2 Nd1
47. Qh4 Qc5+ 48. Kh2 Qe5+ 49. Bf4 Qxa1 50. Qxh7+ Ke6 51. Qxb7 Qd4 52. Qc8+ Kd5
53. Qg8+ Ke4 54. Bg3 Ne3 55. Qxg6+ f5 56. Bxd6 Nf1+ 57. Kh1 Qd1 58. Qe6+ Kd4
59. Qe5+ Kc4 60. Qc5+ Kd3 61. Qxf5+ 1-0